Word Ladder: Shawn Mendes Quiz Stats

 Plays Quiz Updated Oct 18, 2018

Score 0/40 Timer 05:00
1 Play Today
4-Letter Word Clue % Correct
⋆ There's Nothing Holdin' Me _____⋆ BACK ⋆
99%
⋆ _____ of the Party ⋆⋆ LIFE ⋆
93.5%
⋆ I Don't Even Know Your _____⋆ NAME ⋆
93%
⋆ _____ in Japan ⋆⋆ LOST ⋆
92.7%
⋆ Where _____ You in the Morning? ⋆⋆ WERE ⋆
91.1%
⋆ Don't Be a _____⋆ FOOL ⋆
89.6%
⋆ This Is _____ It Takes ⋆⋆ WHAT ⋆
89.3%
⋆ _____ You're Ready ⋆⋆ WHEN ⋆
87.2%
⋆ _____ to Be You ⋆⋆ LIKE ⋆
85.3%
⋆ Kid in _____⋆ LOVE ⋆
84.9%
Not there, but _____HERE
80.4%
A place to go swimmingPOOL
78.2%
Not realFAKE
77.6%
What a firefighter slides downPOLE
75.7%
To fail to winLOSE
73.7%
The top part of your bodyHEAD
73%
The majorityMOST
72.8%
In England, an elevatorLIFT
72.6%
The material that makes up treesWOOD
72.3%
To sit for a photo shootPOSE
72.3%
4-Letter Word Clue % Correct
StardomFAME
70.3%
NourishmentFOOD
69.9%
FinalLAST
69.1%
A group of cattleHERD
69.1%
SurveyPOLL
68.1%
Warm upHEAT
67.3%
Series of itemsLIST
67.1%
'_____ Thing You Do'THAT
66.6%
Water droplets suspended in the airMIST
65.9%
Unit of languageWORD
65.5%
Superior or Victoria, e.g.LAKE
64.8%
Had clothes onWORE
64.7%
Soon afterTHEN
62.3%
Lie out in the sun to tanBASK
61.6%
To sharpen a bladeWHET
61.3%
Comparative wordTHAN
61%
Part of an animal's udderTEAT
61%
Ancient Egyptian goddess of cats BAST
59.5%
The central part of a churchNAVE
54.6%
WashLAVE
53.1%

Today's Daily Dose

Word Ladder
Lean on Me

Get the Picture
Superhero by Villain

You're not logged in!

Compare scores with friends on all Sporcle quizzes.
OR
Log In

Sporcle TV

Today on Sporcle TV


Watch our educational content, quiz creation guides, and fun videos on Sporcle TV.

Show Comments

Extras

Top Quizzes Today


Score Distribution

Your Account Isn't Verified!

In order to create a playlist on Sporcle, you need to verify the email address you used during registration. Go to your Sporcle Settings to finish the process.

Report this User

Report this user for behavior that violates our Community Guidelines.

Details: